| 000 | 00806nam a22002297a 4500 | ||
|---|---|---|---|
| 008 | 130924s2012 enkill |r|||| 001 0 eng d | ||
| 020 | _a1405013923 | ||
| 020 | _a9781405013925 | ||
| 082 |
_a428.24 _bIEL _222 |
||
| 100 |
_aRoberts, Rachael. _933729 |
||
| 245 |
_aIELTS Foundation : _bStudent's Book / _cRachael Roberts , Andrew Preshous ,Joanne Gakonga. |
||
| 250 | _a2nd ed. | ||
| 260 |
_aOxford : _bMacmillan Education, _c2012 |
||
| 300 |
_a176 p. : _bill. ; _c28 cm. |
||
| 650 |
_98449 _aEnglish language _v-- Problems, exercises |
||
| 650 |
_943 _aEnglish language _vTextbooks for foreign speakers. |
||
| 650 |
_935 _aInternational English Language Testing System. |
||
| 653 |
_bENG _cOctober2013 |
||
| 700 |
_aPreshous, Andrew. _933731 |
||
| 700 |
_aGakonga, Joanne. _933730 |
||
| 942 |
_2ddc _cBB |
||
| 999 |
_c17604 _d17576 |
||